LEADER 01680nam 2200529Ia 450 001 9910787553603321 005 20200520144314.0 010 $a1-62081-626-1 035 $a(CKB)2670000000408505 035 $a(EBL)3022650 035 $a(SSID)ssj0000950283 035 $a(PQKBManifestationID)11588796 035 $a(PQKBTitleCode)TC0000950283 035 $a(PQKBWorkID)11005166 035 $a(PQKB)11678921 035 $a(MiAaPQ)EBC3022650 035 $a(Au-PeEL)EBL3022650 035 $a(CaPaEBR)ebr10729690 035 $a(OCoLC)857082556 035 $a(EXLCZ)992670000000408505 100 $a20120402d2012 uy 0 101 0 $aeng 135 $aur|n|---||||| 181 $ctxt 182 $cc 183 $acr 200 10$aIrritable bowel syndrome$b[electronic resource] $ediagnosis, pathogenesis, and treatment options /$fMagdy El-Salhy ... [et al.] 210 $aNew York $cNova Science Publishers$dc2012 215 $a1 online resource (162 p.) 225 1 $aDigestive diseases--research and clinical developments 300 $aDescription based upon print version of record. 311 $a1-62081-552-4 320 $aIncludes bibliograpical references and index. 410 0$aDigestive diseases--research and clinical developments series. 606 $aIrritable colon 606 $aColon (Anatomy)$xDiseases 615 0$aIrritable colon. 615 0$aColon (Anatomy)$xDiseases. 676 $a616.3/42 700 $aEl-Salhy$b Magdy$0789677 801 0$bMiAaPQ 801 1$bMiAaPQ 801 2$bMiAaPQ 906 $aBOOK 912 $a9910787553603321 996 $aIrritable bowel syndrome$93753597 997 $aUNINA LEADER 02195nam 2200385uu 450 001 9910490722203321 005 20251116143832.0 035 $a(CKB)5590000000533361 035 $a(oapen)https://directory.doabooks.org/handle/20.500.12854/71104 035 $a(FrDroz)9782600060356 035 $a(EXLCZ)995590000000533361 100 $a20||||||d2020 |y 0 101 0 $afre 135 $aurmn|---annan 181 $ctxt$2rdacontent 182 $cc$2rdamedia 183 $acr$2rdacarrier 200 10$aRoman et caricature au XIXe siècle$ePoétiques réalistes entre Illusions perdues et Education sentimentale 210 $aGenève$cLibrairie Droz$d2020 311 08$a9782600060356 311 08$a2600060359 330 $aAu XIXe siècle, la caricature connaît un essor sans précédent en France et les écrivains s?intéressent de près à ce phénomène médiatique qui est à mettre en lien avec l?émergence du réalisme littéraire. Cet essai, partant de la définition de la caricature, décrit sa place dans l?imaginaire des écrivains pour montrer comment ils s?inspirent de ses codes et pratiquent une forme de caricature textuelle. Prenant acte que la caricature est indissociable de ses supports de diffusion, il s?attache ensuite à montrer comment différentes formes éditoriales sont des sources pour le roman réaliste qui, dans sa récupération de la caricature, s?en inspire en même temps qu?il s?en distancie. Ce livre ambitionne ainsi d?étudier la relation entretenue par le roman réaliste à la caricature en s?appuyant sur deux ?uvres majeures qui mettent en abyme ce contexte culturel, social et médiatique particulier : Illusions perdues de Balzac et L?Éducation sentimentale de Flaubert. 606 $aLiterature: history & criticism$2bicssc 610 $aCaricature 610 $aLittérature 610 $aRoman 610 $aBalzac 610 $aFlaubert 615 7$aLiterature: history & criticism 700 $aGuinand$b Cécile$4auth$01330563 702 $aGuinand$b Cécile $4aut 906 $aBOOK 912 $a9910490722203321 996 $aRoman et caricature au XIXe siècle$93039904 997 $aUNINA